LEADER 01171nam a2200301 u 4500 001 000000014184 003 CaOOAMICUS 005 20070226105732.0 008 930728s1967 it ab u000 u ita u 035 $a10337236 040 $aPUL(R)$bita 041 1 $aita$hger 245 00$aPreistoria /$ca cura di Marie-Henriette Alimen e Marie-Joseph Steve. 260 $aMilano :$bFeltrinelli,$c1967. 300 $a438 p. ;$c20 cm 490 1 $aStoria universale Feltrinelli ;$v1 500 $aEd. orig.: Fischer Weltgeschichte 1: Vorgeschichte. 500 $aInclude indici. 650 4$aPreistoria.$0(OLS)http://pul/subject/10019 700 1 $aSteve, Marie-Joseph.$0(OLS)http://pul/name/13190 700 1 $aAlimen, Marie-Henriette.$0(OLS)http://pul/name/13189 830 0$aStoria universale Feltrinelli ;$v1.$0(OLS)http://pul/title/20414 850 $aPUL 852 $aPUL$W1$xSL Filosofia 1$y2$m99 H 5$j19927$nBK-PRI$b $qStampati$B19927$CPULBib$Z2$F19927 $H $81 941 1 $a8 961 $aINV: 45103 996 $6245$aPreistoria$9(OLS)http://pul/title/20413 996 $6260$aMilano :$bFeltrinelli$9(OLS)http://pul/publisher/48846 LEADER 01673nam a2200397 u 4500 001 000000027041 003 CaOOAMICUS 005 20070226111638.0 008 960103s1950 it u000 u ita u 035 $a10701510 040 $aPUL$bita$dPUL(R) 041 1 $aita$hfre 100 1 $aGilson, Etienne,$d1884-1978.$0(OLS)http://pul/name/629 240 10$aHeloïse et Abelard.$lfre.$0(OLS)http://pul/title/37079 245 10$aEloisa e Abelardo /$c[traduzione di Giovanni Cairola]. 260 $aTorino :$bEinaudi,$c1950. 300 $a229 p. ;$c20 cm 490 1 $aSaggi ;$v129 500 $aComprende indici. 504 $aBibliografia in nota. 600 14$aAbaelardus, Petrus,$d1079-1142.$0(OLS)http://pul/subject/3036 600 04$aHéloïse,$d1101-1164.$0(OLS)http://pul/subject/7495 650 4$aFilosofia medievale.$0(OLS)http://pul/subject/139 650 4$aNaturalismo antico.$0(OLS)http://pul/subject/15725 830 0$aSaggi (Einaudi) ;$v129.$0(OLS)http://pul/title/9841 850 $aPUL 852 $aPUL$W1$xDP1 Fondo Maccarrone$y58$m1503 A 10$j37694$nBK-PRI$b $qFondi$B37694$CPULBib$Z2$F37694 $H $81 852 $aPUL$W1$xDP1 Religione 1$y20$m481 C 4$j37695$nBK-PRI$b $qStampati$B37695$CPULBib$Z2$F37695 $H $81 941 1 $a8 941 1 $a1 960 $aAbelard, Peter$d1079-1142$93036 960 $aAbelardo, Pietro,$d1079-1142$93036 960 $aFilosofia medioevale$9139 961 $aINV: 00825 -- Fondo Mons. M. Maccarrone 996 $6245$aEloisa e Abelardo$9(OLS)http://pul/title/37080 996 $6260$aTorino :$bEinaudi$9(OLS)http://pul/publisher/48130 LEADER 01124nam a2200277 a 4500 001 000000140166 003 CaOOAMICUS 005 20141023115624.0 008 141023s2014 enkaf u000 u eng r 020 $z9780852448311* 040 $aPUL$bita 082 04$a195 100 1 $aHill, John Michael.$0(OLS)http://pul/name/90393 245 10$aAntonio Rosmini :$bpersecuted prophet /$cJohn Michael Hill. 260 $aLeominster :$bGracewing,$c2014. 300 $axiv, 287 p., [8] c. di tav. :$bill. ;$c23 cm 504 $aBibliografia p. [279]-281. 600 14$aRosmini Serbati, Antonio,$cI.D.C.,$d1797-1855$xBiografia.$0(OLS)http://pul/subject/38681 850 $aPUL 852 $aPUL$W1$xSL Filosofia 3$y81$m195 HILJO 1$j161989$qDDC 21$B161433$CPULBib$Z2$F161433 $H124829 $82 941 1 $a9 996 $6020$z9780852448311*$9(OLS)http://pul/number/156169 996 $6082$a195$9(OLS)http://pul/classification/342 996 $6245$aAntonio Rosmini :$bpersecuted prophet$9(OLS)http://pul/title/177426 996 $6260$aLeominster :$bGracewing$9(OLS)http://pul/publisher/69869